000 01512nam a2200337 c 4500
003 BLK
005 20180422112303.0
008 180409b bul|||||r ||||||| ||bul||
010 _aKNG00146644000
040 _aBLK
041 _aBUL
_cBUL
080 _aБългарска литература
_b821.163.2
_x-93-8
_z821.163.2-93-8
700 1 _aЙорданова, Любомила
_eсъстав.
_9314390
700 1 _aКумпилов, Стефан
_eхудож.
_985581
700 1 _aСтанчев, Лъчезар Дончев
_e*
_9365631
700 1 _aСтойкова, Стефка
_e*
_9327038
139 _aИзворче
_bИ 38
245 1 0 _aИзворче
_bЛит. творби за деца от предучилищна възраст
_cсъстав. Любомила Йорданова; худож. Стефан Кумпилов; * Лъчезар Дончев Станчев; * Стефка Стойкова.
257 _aBGR
260 София
_bНар. просв.
_c1974
300 _a328 с.
_bс ил.
_c21 см
380 _aDX
500 _aДруги състав. : Лъчезар Станчев, Стефка Стойкова - 9 496 тир.
653 _aдетска литература
653 _aлитература за деца
852 _aЦб 261176
856 4 _qpdf
_u
856 4 _qpdf
_u
942 _cKNG
_n0
944 _aCR
_c19.07.2013
_l19.07.2013 - от С1,Р / 19.07.2013
_kЛюсиена_Милчева
944 _aED
_c14.09.2017
_l19.07.2013 - от С1,Р / 19.07.2013
_kЕлица_Владова
999 _c140577
_d140577